All 2024 Olympic Medalists: Weightlifting - Statistics

General Stats
  • This quiz has been taken 6 times
  • The average score is 6 of 30
Answer Stats
Gender Event Medal Nationality/Team Medalist % Correct
Men's 89kg Bronze Italy Antonino Pizzolato
60%
Men's 89kg Gold Bulgaria Karlos Nasar
60%
Men's 102kg+ Bronze Bahrain Gor Minasyan
40%
Men's 61kg Bronze USA Hampton Morris
40%
Men's 102kg+ Gold Georgia Lasha Talakhadze
40%
Men's 61kg Gold China Li Fabin
40%
Men's 102kg+ Silver Armenia Varazdat Lalayan
40%
Men's 89kg Silver Colombia Yeison Lopez
40%
Women's 81kg+ Bronze Great Britain Emily Campbell
20%
Men's 102kg Gold China Liu Huanhua
20%
Women's 81kg+ Gold China Li Wenwen
20%
Women's 59kg Silver Canada Maude Charron
20%
Women's 49kg Silver Romania Mihaela Cambei
20%
Women's 81kg Bronze Ecuador Neisi Dajomes
20%
Men's 73kg Gold Indonesia Rizki Juniansyah
20%
Women's 81kg Silver Egypt Sara Ahmed
20%
Women's 81kg Gold Norway Solfrid Koanda
20%
Men's 61kg Silver Thailand Theerapong Silachai
20%
Men's 102kg Silver Uzbekistan Akbar Djuraev
0%
Women's 71kg Bronze Ecuador Angie Palacios
0%
Men's 73kg Bronze Bulgaria Bozhidar Andreev
0%
Women's 49kg Gold China Hou Zhihui
0%
Women's 59kg Bronze Chinese Taipei Kuo Hsing-chun
0%
Women's 59kg Gold China Luo Shifang
0%
Women's 71kg Silver Colombia Mari Sanchez
0%
Women's 71kg Gold USA Olivia Reeves
0%
Women's 81kg+ Silver South Korea Park Hye-jeong
0%
Women's 49kg Bronze Thailand Surodchana Khambao
0%
Men's 73kg Silver Thailand Weeraphon Wichuma
0%
Men's 102kg Bronze Individual Neutral Athletes Yauheni Tsikhantsou
0%
No matching quizzes found
Score Distribution
Percent of People with Each Score
Percentile by Number Answered
Your Score History
You have not taken this quiz